Bioprospecting Future Research for Sustainable Development/ (Record no. 212819)

MARC details
000 -LEADER
fixed length control field 00758nam a2200229 4500
005 - DATE AND TIME OF LATEST TRANSACTION
control field 20250801162011.0
010 ## - LCCN (DPL NO)
LC control number ENG-146298
020 ## - INTERNATIONAL STANDARD BOOK NUMBER
International Standard Book Number 9789361639098
Terms of availability 750.00
035 ## - SYSTEM CONTROL NUMBER
System control number EN-129830
037 ## - SOURCE OF ACQUISITION
Source of stock number/acquisition DBAD
082 ## - DEWEY DECIMAL CLASSIFICATION NUMBER
Classification number 333.70954
Edition number 1
245 ## - TITLE STATEMENT
Title Bioprospecting Future Research for Sustainable Development/
Statement of responsibility, etc Edited By T. Purushothaman...[et.al]
250 ## - EDITION STATEMENT
Edition statement 1
260 ## - PUBLICATION, DISTRIBUTION, ETC. (IMPRINT)
Place of publication, distribution, etc Tamil Nadu
Name of publisher, distributor, etc Shanlax Publications
Date of publication, distribution, etc 2025
270 ## - ADDRESS
Address 61,66 T.P.K. Main Road Vasantha Nagar.
City Tamil Nadu
Postal code 625003
Electronic mail address shanlaxpublications.com
300 ## - PHYSICAL DESCRIPTION
Extent 136p.
Dimensions 25cm(pb)
490 ## - SERIES STATEMENT
Volume number/sequential designation 1
700 ## - ADDED ENTRY--PERSONAL NAME
Personal name D. Arunkumar
Relator term Author
9 (RLIN) 83640
700 ## - ADDED ENTRY--PERSONAL NAME
Personal name Pradeep Kumar
Relator term Author
9 (RLIN) 83644
700 ## - ADDED ENTRY--PERSONAL NAME
Personal name K. Kalairasi
Relator term Author
9 (RLIN) 83645
942 ## - ADDED ENTRY ELEMENTS (KOHA)
Source of classification or shelving scheme Dewey Decimal Classification
Item type English Books
Classification part 333.70954
Call number suffix BIO
Holdings
Withdrawn status Lost status Not for loan Collection code Home library Current library Date acquired Source of acquisition Cost, normal purchase price Full call number Barcode Copy number Cost, replacement price Koha item type
    Not For Loan Non-fiction D.B.Act.Division D.B.Act.Division 01/08/2025 Delivery of Books Act Division 750.00 333.70954 BIO EN-129830 1 750.00 English Books

© Delhi Public Library
Hit Counter
free hit counter